| 000 | 00508nam a22001697a 4500 | ||
|---|---|---|---|
| 003 | MACL | ||
| 005 | 20160225160621.0 | ||
| 008 | 160225b xxu||||| |||| 00| 0 eng d | ||
| 040 | _cMACL | ||
| 041 | _aHindi | ||
| 082 | _a800 | ||
| 100 |
_aदुर्गाशंकर मिश्र _940449 |
||
| 245 | _aसेनापति और उनका काव्य | ||
| 260 |
_aलखनउ _bनवयुग ग्रन्थागार |
||
| 650 |
_aLiteracture _939932 |
||
| 942 |
_2ddc _cHIN |
||
| 999 |
_c53391 _d53391 |
||